Szczegóły MARC21

Ludzie, zwyczaje i obyczaje starożytnej Grecji i Rzymu /

003 -Nazwa inst., której nr kontr. jest w polu 001 [,]
    • @
    • Nazwa instytucji, której n kontrolny jest w polu 001
    • NUKAT
005 -DATA I CZAS OSTATNIEJ MODYFIKACJI [,]
    • @
    • pole kontrolne
    • 20241231101018.0
020 -Międzynarod. znormalizowany nr książki - ISBN [ , ]
    • a
    • Numer ISBN
    • 9788301146214 Find
040 -Instytucja sporządzająca opis [ , ]
    • a
    • Instytucja, która sporządziła opis (NP)
    • WR U/jd
    • c
    • Instytucja, która sporządziła rekord (NP)
    • WR U/jd
    • d
    • Instytucja, która zmodyfikowała rekord (P)
    • WR U/dl
    • d
    • Instytucja, która zmodyfikowała rekord (P)
    • WR U/jd
942 -Rodzaj dokumentu [ , ]
    • c
    • Rodzaj dokumentu
    • Książka
100 -Hasło główne - nazwa osobowa [1, ]
    • a
    • Nazwa osobowa (NP)
    • Winniczuk, Lidia
    • d
    • Daty biograficzne (NP)
    • (1904-1993).
    • 9
    • KHW
    • 8481
245 -Strefa tytułu i oznaczenia odpowiedzialności [1,0]
    • a
    • Tytuł
    • Ludzie, zwyczaje i obyczaje starożytnej Grecji i Rzymu / Find
    • c
    • Pozostałe elementy strefy tytułu i oznaczenia odpowiedzialności (NP)
    • Lidia Winniczuk.
250 -Strefa wydania [ , ]
    • a
    • Oznaczenie wydania (NP)
    • Wyd. 4 zm., 1 dodr.
260 -Strefa adresu wydawniczego [ , ]
    • a
    • Miejsce wydania (P)
    • Warszawa :
    • b
    • Nazwa wydawcy (P)
    • Wydawnictwo Naukowe PWN,
    • c
    • Data wydania (P)
    • dr. 2008.
300 -Strefa opisu fizycznego [ , ]
    • a
    • Określenie formy książki i/lub objętość (NP)
    • 648 s. :
    • b
    • Oznaczenie ilustracji (NP)
    • il. ;
    • c
    • Format (NP)
    • 24 cm.
336 -Typ zawartości [ , ]
    • a
    • Termin opisujący typ zawartości
    • Tekst
    • b
    • Kod określający zawartość
    • txt
    • 2
    • Źródło (terminu i kodu)
    • rdacontent
337 -Typ mediów [ , ]
    • a
    • Tryb odtwarzania
    • Bez urządzenia pośredniczącego
    • b
    • Kod typu mediów
    • n
    • 2
    • Źródło (terminu i kodu)
    • rdamedia
338 -Typ/rodzaj nośnika [ , ]
    • a
    • Hasło opisujące typ nośnika
    • Wolumin
    • b
    • Kod typu nośnika
    • nc
    • 2
    • Źródło (terminu i kodu)
    • rdacarrier
500 -Uwaga ogólna [ , ]
    • a
    • Uwaga ogólna (NP)
    • Mapy na wyklejkach.
500 -Uwaga ogólna [ , ]
    • a
    • Uwaga ogólna (NP)
    • Dodr. do wyd. z 2006.
504 -Uwaga dot. bibliogr. załącznikowej [ , ]
    • a
    • Uwaga dot. bibliografii załącznikowej
    • Bibliogr. s. [611]-619. Indeksy.
504 -Uwaga dot. bibliogr. załącznikowej [ , ]
    • a
    • Uwaga dot. bibliografii załącznikowej
    • "Wykaz przekładów wykorzystanych w tekście książki" s. [620]-621.
080 -Uniwersalna Klasyfikacja Dziesiętna [ , ]
    • 2
    • Identyfikator wydania tablic
    • UDC-P058
    • 9
    • UKD
    • 3967
    • a
    • Symbol klasyfikacji
    • 39
    • b
    • Dopowiedzenie
    • Etnologia. Etnografia. Zwyczaje i obyczaje. Folklor.
    • 4
    • UKD2
    • 8472
    • x
    • Poddział wspólny
    • (37)
    • c
    • Dopowiedzenie poddz. wspólnego
    • (Rzym starożytny. Italia).
    • 4
    • UKD2
    • 8457
    • x
    • Poddział wspólny
    • (38)
    • c
    • Dopowiedzenie poddz. wspólnego
    • (Grecja. Hellada).
080 -Uniwersalna Klasyfikacja Dziesiętna [ , ]
    • 2
    • Identyfikator wydania tablic
    • UDC-P058
    • 9
    • UKD
    • 2829
    • a
    • Symbol klasyfikacji
    • 316.728
    • b
    • Dopowiedzenie
    • Styl życia. Socjologia życia codziennego.
    • 4
    • UKD2
    • 8472
    • x
    • Poddział wspólny
    • (37)
    • c
    • Dopowiedzenie poddz. wspólnego
    • (Rzym starożytny. Italia).
    • 4
    • UKD2
    • 8457
    • x
    • Poddział wspólny
    • (38)
    • c
    • Dopowiedzenie poddz. wspólnego
    • (Grecja. Hellada).
080 -Uniwersalna Klasyfikacja Dziesiętna [ , ]
    • 9
    • UKD
    • 10221
    • a
    • Symbol klasyfikacji
    • 94(38)::008
    • b
    • Dopowiedzenie
    • Historia kultury starożytnej Grecji.
080 -Uniwersalna Klasyfikacja Dziesiętna [ , ]
    • 2
    • Identyfikator wydania tablic
    • UDC-P058
    • 9
    • UKD
    • 10219
    • a
    • Symbol klasyfikacji
    • 94(37)::008
    • b
    • Dopowiedzenie
    • Historia kultury starożytnego Rzymu.
651 -Hasło przedmiotowe w formie nazwy geograficznej [ ,7]
    • a
    • Nazwa geograficzna
    • Grecja
    • x
    • Określnik rzeczowy
    • obyczaje i zwyczaje
    • y
    • Określnik chronologiczny
    • starożytność.
    • 2
    • Źródło terminu
    • kaba
    • 9
    • KHW
    • 110424
651 -Hasło przedmiotowe w formie nazwy geograficznej [ ,7]
    • a
    • Nazwa geograficzna
    • Rzym (państwo)
    • x
    • Określnik rzeczowy
    • obyczaje i zwyczaje.
    • 2
    • Źródło terminu
    • kaba
    • 9
    • KHW
    • 129181
980 -Symbol UKD [ , ]
    • a
    • UKD
    • 39:316.728:008](37 38)
710 -Hasło dodatkowe - nazwa ciała zbiorowego [2, ]
    • a
    • Nazwa ciała zbiorowego lub nazwa geograficzna jako pierwszy element (NP)
    • Wydawnictwo Naukowe PWN.
    • 4
    • Kod relacji
    • pbl
    • 9
    • KHW
    • 52648
920 -ISBN [ , ]
    • a
    • ISBN
    • 978-83-01-14621-4 Find
Sygnatura Lokalizacja Data inwentaryzacji Status udost. Numer inwentarzowy
POL. Kultura – obyczaje 10BM2009-12-011P.21834